Practical UI Patterns for Design Systems Fast-Track Interaction Design for a Seamless User Experience /

Understanding UI patterns is invaluable to anyone creating websites for the first time. It helps you make connections between which tools are right for which jobs, understand the processes, and think deeply about the context of a problem. This is your concise guide to the tested and proven general m...

Πλήρης περιγραφή

Λεπτομέρειες βιβλιογραφικής εγγραφής
Κύριος συγγραφέας: MacDonald, Diana (Συγγραφέας, http://id.loc.gov/vocabulary/relators/aut)
Συγγραφή απο Οργανισμό/Αρχή: SpringerLink (Online service)
Μορφή: Ηλεκτρονική πηγή Ηλ. βιβλίο
Γλώσσα:English
Έκδοση: Berkeley, CA : Apress : Imprint: Apress, 2019.
Έκδοση:1st ed. 2019.
Θέματα:
Διαθέσιμο Online:Full Text via HEAL-Link
LEADER 03108nam a2200421 4500
001 978-1-4842-4938-3
003 DE-He213
005 20190626091111.0
007 cr nn 008mamaa
008 190625s2019 xxu| s |||| 0|eng d
020 |a 9781484249383  |9 978-1-4842-4938-3 
024 7 |a 10.1007/978-1-4842-4938-3  |2 doi 
040 |d GrThAP 
050 4 |a QA76.6-76.66 
072 7 |a UMW  |2 bicssc 
072 7 |a COM060160  |2 bisacsh 
072 7 |a UMW  |2 thema 
082 0 4 |a 006.76  |2 23 
100 1 |a MacDonald, Diana.  |e author.  |4 aut  |4 http://id.loc.gov/vocabulary/relators/aut 
245 1 0 |a Practical UI Patterns for Design Systems  |h [electronic resource] :  |b Fast-Track Interaction Design for a Seamless User Experience /  |c by Diana MacDonald. 
250 |a 1st ed. 2019. 
264 1 |a Berkeley, CA :  |b Apress :  |b Imprint: Apress,  |c 2019. 
300 |a XXII, 293 p. 165 illus., 158 illus. in color.  |b online resource. 
336 |a text  |b txt  |2 rdacontent 
337 |a computer  |b c  |2 rdamedia 
338 |a online resource  |b cr  |2 rdacarrier 
347 |a text file  |b PDF  |2 rda 
505 0 |a 1. Introducing UI patterns -- 2. Tap into Patterns -- 3. Deciding which Pattern to Use and When -- 4.Patterns in Design Systems -- 5. Anti-patterns and Dark Patterns -- 6. Mixing and Matching Patterns -- 7. Conclusion -- Appendix. Suggested Reading. 
520 |a Understanding UI patterns is invaluable to anyone creating websites for the first time. It helps you make connections between which tools are right for which jobs, understand the processes, and think deeply about the context of a problem. This is your concise guide to the tested and proven general mechanisms for solving recurring user interface problems, so that you don't have to reinvent the wheel. You'll see how to find a pattern you can apply to a given UI problem and how to deconstruct patterns to understand them in depth, including their constraints. UI patterns lead to better use of existing conventions and converging web standards. This book shows you how to spot anti-patterns, how to mix and match patterns, and how they inform design systems. By helping the non-web professionals and junior web professionals of the world use basic patterns, the web industry can put its best foot forward as new interfaces such as VR/AR/MR, conversational UIs, machine learning, voice input, evolving gestural interactions and more infiltrate the market. Given the emerging popularity of design systems and space of DesignOps, as well as the rise of companies competing on design and usability, now is the time to think about how we use and evolve UI patterns and scale design systems. 
650 0 |a Computer programming. 
650 1 4 |a Web Development.  |0 http://scigraph.springernature.com/things/product-market-codes/I29050 
710 2 |a SpringerLink (Online service) 
773 0 |t Springer eBooks 
776 0 8 |i Printed edition:  |z 9781484249376 
776 0 8 |i Printed edition:  |z 9781484249390 
856 4 0 |u https://doi.org/10.1007/978-1-4842-4938-3  |z Full Text via HEAL-Link 
912 |a ZDB-2-CWD 
950 |a Professional and Applied Computing (Springer-12059)